Zgadnij województwo po najmniej zaludnionym mieście - Statystyki

Ogólne statystyki
  • Ten quiz został rozwiązany 266 razy
  • Średni wynik to 10 z 16
Statystyki odpowiedzi
Populacja Miasto Województwo % Poprawnych
1159 Krynica Morska pomorskie
91%
829 Inowłódz łódzkie
75%
803 Józefów nad Wisłą lubelskie
72%
317 Opatowiec świętokrzyskie
72%
759 Koszyce małopolskie
68%
1088 Przyrów śląskie
68%
1050 Nowe Warpno zachodniopomorskie
64%
801 Dubiecko podkarpackie
62%
1067 Miasteczko Krajeńskie wielkopolskie
62%
1592 Wleń dolnośląskie
59%
892 Brody lubuskie
59%
1510 Strzeleczki opolskie
59%
1104 Bobrowniki kujawsko-pomorskie
57%
397 Kazanów mazowieckie
57%
965 Suraż podlaskie
56%
1681 Młynary warmińsko-mazurskie
53%
Nie znaleziono quizów pasujących do podanych kryteriów
Rozkład punktacji
Procent ludzi z każdym wynikiem
Percentyl według liczby udzielonych odpowiedzi
Twoja historia wyników
Nie rozwiązałeś tego quizu